| 000 | 01749nab a2200277 a 4500 | ||
|---|---|---|---|
| 005 | 20210223133247.0 | ||
| 008 | 991125s1985 mx 000 0 spa u | ||
| 035 | _aUPN01000217326 | ||
| 049 | _aART | ||
| 100 | 1 |
_aOcegueda Hernández, Juan Manuel _937775 |
|
| 100 | 1 | _aMiramontes Arteaga, María Antonia | |
| 100 | 1 |
_aMoctezuma Hernández, Patricia _934551 |
|
| 100 | 1 |
_aMungaray Lagarda, Alejandro _929565 |
|
| 222 | 0 | _aPERFILES EDUCATIVOS | |
| 245 | 0 | 0 |
_aAnálisis comparado de la cobertura de la educación superior en Corea del Sur y Chile : _buna reflexión para México |
| 260 | _aMéxico | ||
| 300 | _a141-159 | ||
| 362 | 0 | _a2017 Volumen 39, número 155, enero-marzo | |
| 520 | 3 | _aEl trabajo explora las experiencias de transformación de la educación superior en Corea del Sur y Chile, enfatizando los logros obtenidos en la ampliación de la cobertura y algunos efectos sobre la percepción de equidad y calidad educativa. Se destaca la importancia de las tendencias demográficas, el esfuerzo privatizador, la inversión de recursos en el sector, la cultura y algunas particularidades de los sistemas de educación superior, como factores que explican las diferencias observables entre estas naciones, y se presentan algunas reflexiones para México sobre los alcances y riesgos de mejorar la cobertura de la educación superior a través de esfuerzos de instituciones privadas | |
| 653 | 0 | _aEDUCACION SUPERIOR | |
| 653 | 0 | _aEDUCACION COMPARADA | |
| 653 | 0 | _aEDUCACION PRIVADA | |
| 653 | 0 | _aFINANCIAMIENTO EDUCATIVO | |
| 856 | 4 | _uhttp://www.iisue.unam.mx/perfiles/articulo/2017-155-analisis-comparado-de-la-cobertura-de-la-educacion-superior-en-corea-del-sur-y-chile-una-reflexion-para-mexico.pdf | |
| 905 | _aArticulo | ||
| 999 |
_c189426 _d189426 |
||